00381cam a22001217a 4500008004000000082001300040100001800053245004500071260003700116300001000153650004000163650005600203180718b1992 xxu||||| |||| 00| 0 eng d aA99 T641 aNagarajan, K. aSir Alexander Tottenhamcby K. Nagarajan aTamilnadubN. Ramachandranc1992 a129p. aCivil service - Personal narratives aTottenham, Alexander - Criticism and interpretation